Know your snakes - Statistics

General Stats
  • This quiz has been taken 455 times
  • The average score is 6 of 10
Answer Stats
Hint Answer % Correct
Heaviest snake Anaconda
98%
Most dangerous in Africa Black mamba
83%
Longest snake Reticulated python
70%
Strange sound Rattlesnake
64%
Most venomous snake Inland taipan
63%
Not a cobra King cobra
58%
German flag coloration Coral snake
57%
Huge prehistoric snake Titanoboa
35%
Most dangerous in Australia Eastern brown snake
26%
Spectacled Indian cobra
17%
No matching quizzes found
Score Distribution
Percent of People with Each Score
Percentile by Number Answered
Your Score History
You have not taken this quiz